| 000 | 00515nam a2200157Ia 4500 | ||
|---|---|---|---|
| 008 | 100122s9999 xx 000 0 und d | ||
| 082 |
_b33542 _a823.08 |
||
| 100 | _aअभ्यंकर कुसुम | ||
| 245 | _aत्यागमूर्ती | ||
| 260 |
_bमे सरस्वती पब्लिकेशन्स _c1905 |
||
| 300 | _a206 | ||
| 630 | _aत्यागमूर्ती | ||
| 700 | _aलेखक शोधणे | ||
| 730 | _aत्यागमूर्ती | ||
| 942 | _cBOOK | ||
| 999 |
_c417597 _d417594 |
||